Introduction to anesthesia; (Record no. 118315)
[ view plain ]
| 000 -LEADER | |
|---|---|
| fixed length control field | 00849nam a2200265I 4500 |
| 008 - FIXED-LENGTH DATA ELEMENTS--GENERAL INFORMATION | |
| fixed length control field | |
| 049 ## - LOCAL HOLDINGS (OCLC) | |
| Holding library | MAIN |
| 090 ## - LOCALLY ASSIGNED LC-TYPE CALL NUMBER (OCLC); LOCAL CALL NUMBER (RLIN) | |
| Classification number (OCLC) (R) ; Classification number, CALL (RLIN) (NR) | RD81 |
| Local cutter number (OCLC) ; Book number/undivided call number, CALL (RLIN) | DRI |
| 003 - CONTROL NUMBER IDENTIFIER | |
| control field | |
| 005 - DATE AND TIME OF LATEST TRANSACTION | |
| control field | 20230120204150.0 |
| 040 ## - CATALOGING SOURCE | |
| Transcribing agency | NUST |
| 100 1# - MAIN ENTRY--PERSONAL NAME | |
| Personal name | Dripps, Robert Dunning. |
| 245 10 - TITLE STATEMENT | |
| Title | Introduction to anesthesia; |
| Remainder of title | the principles of safe practice. / |
| Statement of responsibility, etc. | [By] Robert D. Dripps, James E. Eckenhoff [and] Leroy D. Vandam. Line drawings by Leroy D. Vandam. |
| 250 ## - EDITION STATEMENT | |
| Edition statement | 2nd ed. |
| 260 ## - PUBLICATION, DISTRIBUTION, ETC. | |
| Place of publication, distribution, etc. | Philadelphia, |
| Name of publisher, distributor, etc. | Saunders, |
| Date of publication, distribution, etc. | 1961. |
| 300 ## - PHYSICAL DESCRIPTION | |
| Extent | xi, 413 p. |
| Other physical details | ill. ; |
| Dimensions | 24 cm. |
| 650 #0 - SUBJECT ADDED ENTRY--TOPICAL TERM | |
| Topical term or geographic name entry element | Anesthesia. |
| 650 #2 - SUBJECT ADDED ENTRY--TOPICAL TERM | |
| Topical term or geographic name entry element | Anesthesiology. |
| 650 #2 - SUBJECT ADDED ENTRY--TOPICAL TERM | |
| Topical term or geographic name entry element | Anesthetics. |
| 700 1# - ADDED ENTRY--PERSONAL NAME | |
| Personal name | Eckenhoff, James E. |
| 700 1# - ADDED ENTRY--PERSONAL NAME | |
| Personal name | Vandam, Leroy D. |
| 730 0# - ADDED ENTRY--UNIFORM TITLE | |
| Uniform title | Introduction to anesthesia. |
| Version | 2nd ed. |
| 907 ## - LOCAL DATA ELEMENT G, LDG (RLIN) | |
| a | .b10356125 |
| b | 31-03-15 |
| c | 31-03-15 |
| 942 ## - ADDED ENTRY ELEMENTS (KOHA) | |
| Koha item type | Ordinary Loan Books |
| Call number prefix | RD81 |
| Call number suffix | DRI |
| Date last seen | Total Checkouts | Full call number | Barcode | Cost, replacement price | Price effective from | Koha item type | Lost status | Source of classification or shelving scheme | Damaged status | Not for loan | Collection | Withdrawn status | Home library | Current library | Shelving location | Date acquired | Cost, normal purchase price |
|---|---|---|---|---|---|---|---|---|---|---|---|---|---|---|---|---|---|
| 01/20/2023 | RD81 DRI | 92004036650 | 80.00 | 01/20/2023 | BOOKS | LCC | NFIC | Medical | Medical | GEN | 01/20/2023 | 80.00 |